000
00310nam a2200133Ia 4500
008
231129s1991||||xx |||||||||||||| ||spa||
040
_b
spa
082
_a
Co864.4 V293p
100
_a
Varela Héctor Fabio
245
0
_a
Palabras y visiones (ensayos)
260
_c
1991
264
_a
Kelly
942
_2
ddc
_c
BKS
999
_c
22342
_d
22342